000 00658nam a2200181 4500
008 080822s1980 sz a b 000 0 eng
020 _a2825406651 :Php10.00(AGST)(pbk.)
090 _aHX536
_bV28c
100 1 _aVan der Bent, A. J.
_q(Ans Joachim)
245 1 0 _aChristians and Communists :
_ban ecumenical perspective /
_cAns J. van der Bent.
260 _aGeneva :
_bWorld Council of Churches,
_cc1980.
300 _a80 p. :
_bill. ;
_c21 cm.
490 1 _aThe risk book series ;
_vno. 9
504 _aBibliography: p. 74-80.
650 4 _aCommunism and Christianity.
951 _p32268
_x00036861
_oHX536/V28c
_j080822151932249
_d2000-12-21
999 _c32136
_d32136